000 00752nam a2200193 a 4500
001 BRCA_1747
005 20190320203530.0
008 150508s1988----mx-#---###---#000-0#spa-#
050 4 _aF1391.P8
_b.L43 16
_c1988
100 1 _aAmerlinck de Corsi, María Concepción
_93618
245 1 0 _aConventos y monjas en la Puebla de los Angeles
_cMaría Concepción Amerlinck de Corsi.
260 _aPuebla, México
_bGobierno del Estado de Puebla : Secretaría de Cultura : Comisión Puebla V Centenario
_c1988
300 _a36 p.
_bil.
_c21 cm.
440 0 _aLecturas Históricas de Puebla
_n16
_95450
650 1 4 _aOrdenes religiosas de mujeres
_95451
651 4 _aPuebla (México)
_xHistoria
_9409
651 4 _aPuebla (México)
_xConventos
_95452
942 _2lcc
_cB
999 _c1531
_d1531